000 00570nam a2200181Ia 4500
008 090123s9999 xx 000 0 und d
082 _b22735
100 _aजावडेकर प्राची
245 _aइवलेसे रोप
250 _a1
260 _bगोकुळ मासिक प्रकाशन
_c1992
300 _a63
600 _aजावडेकर प्राची
630 _aइवलेसे रोप
700 _aजावडेकर प्राची
730 _aइवलेसे रोप
942 _cBOOK
999 _c60807
_d60807